Countries of Asia With the Letter U - Statistics

General Stats
  • This quiz has been taken 59 times
  • The average score is 9 of 10
Answer Stats
Countries % Correct
Bhutan
96%
United ArabEmirates
94%
Saudi Arabia
90%
Turkmenistan
90%
Uzbekistan
90%
Turkey
88%
Kuwait
86%
Brunei
84%
South Korea
80%
Cyprus
64%
No matching quizzes found
Score Distribution
Percent of People with Each Score
Percentile by Number Answered
Your Score History
You have not taken this quiz